000 00310nam a2200133Ia 4500
008 230818s1984 xx 000 0 und d
041 _aeng
100 _aFuller
245 _aWaiter
260 _bHutchinsons
_c1984
300 _a214p
520 _aGeneral | Hard Board
999 _c854574
_d854574
650 _aFood and Beverage service